Seminario III: Gestion estrategica de las Organizaciones de Ciencia y Tecnologia en Salud (Registro nro. 1819)

Detalles MARC
000 -LEADER
fixed length control field 00801nam a2200241 a 4500
003 - CONTROL NUMBER IDENTIFIER
control field OSt
005 - FECHA ULTIMA MODIFICACION
control field 20131017193104.0
008 - FIXED-LENGTH DATA ELEMENTS--GENERAL INFORMATION
fixed length control field 131017s2002 ag ||||| |||| 00| 0 spa d
040 ## - CATALOGING SOURCE
Transcribing agency Biblioteca Medicina
041 ## - LANGUAGE CODE
Language code of text/sound track or separate title spa
082 ## - DEWEY DECIMAL CLASSIFICATION NUMBER
Item number CONGRESOS 040
100 1# - MAIN ENTRY--PERSONAL NAME
Personal name Rovere, Mario
9 (RLIN) 2739
245 00 - TITLE STATEMENT
Title Seminario III: Gestion estrategica de las Organizaciones de Ciencia y Tecnologia en Salud
250 ## - EDITION STATEMENT
Edition statement 1º ed.
260 ## - PUBLICATION, DISTRIBUTION, ETC. (IMPRINT)
Place of publication, distribution, etc Buenos Aires
Name of publisher, distributor, etc Centro de Estudios de Estado y Sociedad
Date of publication, distribution, etc 2002
300 ## - PHYSICAL DESCRIPTION
Extent 42 p.
440 #0 - SERIES STATEMENT/ADDED ENTRY--TITLE
Title Seminarios Salud y Politica Publica
9 (RLIN) 2706
653 ## - INDEX TERM--UNCONTROLLED
Uncontrolled term TECNOLOGIA Y SALUD-GESTION
653 ## - INDEX TERM--UNCONTROLLED
Uncontrolled term CIENCIA-GESTION
856 ## - ELECTRONIC LOCATION AND ACCESS
Host name www.cedes.org
942 ## - ADDED ENTRY ELEMENTS (KOHA)
Source of classification or shelving scheme Dewey Decimal Classification
Koha item type Hemeroteca
Existencias
Withdrawn status Lost status Fuente de clasificación Damaged status Not for loan Colección Ubicación permanente Ubicación actual Sala de ubicación Fecha de adquisición Total Checkouts Número de clasificación Date last seen Número de ejemplar Price effective from Koha tipo de elemento (item)
    Dewey Decimal Classification     Non-fiction Biblioteca Medicina Biblioteca Medicina Circulación 17/10/2013   CONGRESOS 040 06/11/2014 Ej. 1 17/10/2013 Hemeroteca

UNIVERSIDAD NACIONAL DEL COMAHUE
Biblioteca de la Facultad de Ciencias Médicas
Sede Toschi: Los Arrayanes y Av. Toschi, Cipolletti  - Rio Negro
Sede Los Tordos:  Yrigoyen al 2211, Cipolletti - Rio Negro 

Teléfono: 0299 - 4774707 int 25
Contacto: biblioteca@facimed.uncoma.edu.ar
© 2011 - 2026